MyGZULibrary

Designing qualitative research / (Record no. 1204)

MARC details
000 -LEADER
fixed length control field 01709cam a22003494a 4500
001 - CONTROL NUMBER
control field 14108834
003 - CONTROL NUMBER IDENTIFIER
control field GZU
005 - DATE AND TIME OF LATEST TRANSACTION
control field 20200930112509.0
008 - FIXED-LENGTH DATA ELEMENTS--GENERAL INFORMATION
fixed length control field 050915s2006 caua b 001 0 eng
010 ## - LIBRARY OF CONGRESS CONTROL NUMBER
LC control number 2005026958
020 ## - INTERNATIONAL STANDARD BOOK NUMBER
International Standard Book Number 141292488X (cloth)
020 ## - INTERNATIONAL STANDARD BOOK NUMBER
International Standard Book Number 1412924898 (pbk.)
035 ## - SYSTEM CONTROL NUMBER
System control number (OCoLC)ocm61724351
040 ## - CATALOGING SOURCE
Original cataloging agency DLC
Transcribing agency DLC
Modifying agency YDX
-- BAKER
-- DLC
042 ## - AUTHENTICATION CODE
Authentication code pcc
050 00 - LIBRARY OF CONGRESS CALL NUMBER
Classification number H62
Item number .MAR 2006
100 1# - MAIN ENTRY--PERSONAL NAME
Personal name Marshall, Catherine,
Dates associated with a name 1946-
Relator term author
245 10 - TITLE STATEMENT
Title Designing qualitative research /
Statement of responsibility, etc. Catherine Marshall, Gretchen B. Rossman.
250 ## - EDITION STATEMENT
Edition statement 4th ed.
260 ## - PUBLICATION, DISTRIBUTION, ETC.
Place of publication, distribution, etc. Thousands Oaks, Calif. :
Name of publisher, distributor, etc. Sage Publications,
Date of publication, distribution, etc. c2006.
300 ## - PHYSICAL DESCRIPTION
Extent xvii, 262 p. :
Other physical details ill. ;
Dimensions 23 cm.
504 ## - BIBLIOGRAPHY, ETC. NOTE
Bibliography, etc. note Includes bibliographical references (p. 219-243) and index.
505 0# - FORMATTED CONTENTS NOTE
Formatted contents note Introduction -- The what of the study : building the conceptual framework -- The how of the study : building the research design -- Data collection methods -- Managing, analyzing, and interpreting data -- Planning time and resources -- Articulating value and logic.
650 #0 - SUBJECT ADDED ENTRY--TOPICAL TERM
Topical term or geographic name entry element Social sciences
General subdivision Research
-- Methodology.
700 1# - ADDED ENTRY--PERSONAL NAME
Personal name Rossman, Gretchen B.
Relator term author
856 41 - ELECTRONIC LOCATION AND ACCESS
Materials specified Table of contents only
Uniform Resource Identifier <a href="http://www.loc.gov/catdir/toc/ecip0519/2005026958.html">http://www.loc.gov/catdir/toc/ecip0519/2005026958.html</a>
856 42 - ELECTRONIC LOCATION AND ACCESS
Materials specified Publisher description
Uniform Resource Identifier <a href="http://www.loc.gov/catdir/enhancements/fy0661/2005026958-d.html">http://www.loc.gov/catdir/enhancements/fy0661/2005026958-d.html</a>
856 42 - ELECTRONIC LOCATION AND ACCESS
Materials specified Contributor biographical information
Uniform Resource Identifier <a href="http://www.loc.gov/catdir/enhancements/fy0734/2005026958-b.html">http://www.loc.gov/catdir/enhancements/fy0734/2005026958-b.html</a>
906 ## - LOCAL DATA ELEMENT F, LDF (RLIN)
a 7
b cbc
c orignew
d 1
e ecip
f 20
g y-gencatlg
942 ## - ADDED ENTRY ELEMENTS (KOHA)
Source of classification or shelving scheme Library of Congress Classification
Koha item type Books
Edition 4th ed.
Classification part 62
Item part MAR
Call number prefix H
Holdings
Withdrawn status Lost status Source of classification or shelving scheme Damaged status Not for loan Collection code Home library Current library Shelving location Date acquired Source of acquisition Total Checkouts Full call number Barcode Date last seen Copy number Price effective from Koha item type
    Library of Congress Classification     Non-fiction City Campus Library City Campus Library General Stacks 04/13/2009 Book Aid International   H62 MAR 2006 G20971 09/30/2020 c. 1 09/30/2020 Books
    Library of Congress Classification     Non-fiction City Campus Library City Campus Library General Stacks 04/13/2009 Book Aid International   H62 MAR 2006 013328 09/30/2020 c. 2 09/30/2020 Books